| 000 | 00710nam a2200229 a 4500 | ||
|---|---|---|---|
| 005 | 20260322212036.0 | ||
| 008 | data | ||
| 010 | _a20-03049132 | ||
| 020 | _a0805836934 (alk. paper) | ||
| 020 | _a9780805836936 (alk. paper) | ||
| 040 | _aNLM | ||
| 096 | _aWM 460.5 A885 2004 | ||
| 245 | 1 | 0 |
_aAttachment issues in psychopathology and intervention _cedited by Leslie Atkinson, Susan Goldberg. |
| 260 |
_aMahwah, N.J. _bLawrence Erlbaum _cc2004 |
||
| 300 |
_aviii, 289 p. : _b ill. ; _c 23 cm. |
||
| 500 | _aIncludes bibliographical references and index. | ||
| 650 | 0 | 2 |
_aMental Disorders _xtherapy |
| 650 | 0 | 2 | _aObject Attachment |
| 700 | 1 | _aAtkinson, Leslie, Ph. D. | |
| 700 | 1 | _aGoldberg, Susan. | |
| 001 | data | ||
| 999 |
_c839 _d839 |
||